Public service reform in Russia, 1991-2006 (Record no. 77750)

000 -LEADER
fixed length control field 01359pab a2200205 454500
008 - FIXED-LENGTH DATA ELEMENTS--GENERAL INFORMATION
fixed length control field 180718b2007 xxu||||| |||| 00| 0 eng d
100 ## - MAIN ENTRY--PERSONAL NAME
Personal name Barabashev, Alexi
245 ## - TITLE STATEMENT
Title Public service reform in Russia, 1991-2006
260 ## - PUBLICATION, DISTRIBUTION, ETC.
Date of publication, distribution, etc. 2007
300 ## - PHYSICAL DESCRIPTION
Extent p.373-82.
362 ## - DATES OF PUBLICATION AND/OR SEQUENTIAL DESIGNATION
Dates of publication and/or sequential designation May-Jun
520 ## - SUMMARY, ETC.
Summary, etc. This article assesses Russia's post-Soviet efforts to reform its public service in order to meet the challenges of social and economic transition and describes both obstacles to the creation of a modern public service and efforts to over-come them. First, the authors provide a snapshot of the public service in Russia since 1991. Second, they describe aspects of the Soviet legacy that have impeded efforts to modernize the public service. Third, they identify some of the traumas of transition experienced in the 1990s that have circumscribed efforts at reform. Finally, the authors identify gaps between the legislation enacted by the Duma and the limited implementation of that legislation to date. The article conc ludes with an assessment of the current status of public service reform in Russia. - Reproduced.
650 ## - SUBJECT ADDED ENTRY--TOPICAL TERM
Topical term or geographic name entry element Administrative reform - China
650 ## - SUBJECT ADDED ENTRY--TOPICAL TERM
Topical term or geographic name entry element Administrative reform - Russia
650 ## - SUBJECT ADDED ENTRY--TOPICAL TERM
Topical term or geographic name entry element Administrative reform
700 ## - ADDED ENTRY--PERSONAL NAME
Personal name Straussman, Jeffrey D.
773 ## - HOST ITEM ENTRY
Main entry heading Public Administration Review
908 ## - PUT COMMAND PARAMETER (RLIN)
Put command parameter N
909 ## -
-- 77750
Holdings
Withdrawn status Lost status Damaged status Not for loan Permanent Location Current Location Date acquired Serial Enumeration / chronology Barcode Date last seen Price effective from Koha item type
        Indian Institute of Public Administration Indian Institute of Public Administration 2018-07-19 Volume no: 67, Issue no: 3 AR78210 2018-07-19 2018-07-19 Articles

Powered by Koha